Phương pháp chuẩn bị cho trẻ học toán lớp 1 /

Spremljeno u:
Bibliografski detalji
Glavni autor: Trương Xuân Huệ.
Format: Članak
Jezik:Vietnamese
Oznake: Dodaj oznaku
Bez oznaka, Budi prvi tko označuje ovaj zapis!
Thư viện lưu trữ: Thư viện Trường Đại học Đà Lạt
LEADER 00742nam a2200253 4500
001 DLU120138471
005 ##20120712
040 # # |a DLU  |b vie 
041 # # |a vie 
044 # # |a vn 
100 # # |a Trương Xuân Huệ. 
245 # # |a Phương pháp chuẩn bị cho trẻ học toán lớp 1 /  |c Trương Xuân Huệ. 
773 # # |g , tr. 
773 # # |t hông báo khoa học của các Trường Đại Học: khoa học giáo dụct  |g , tr. 39-42 
920 # # |a Phòng Tạp chí -- Trung tâm Thông tin - Thư viện Trường Đại học Đà Lạt 
994 # # |a DLU 
900 # # |a True 
911 # # |a Nguyễn Thị Tưởng 
925 # # |a G 
926 # # |a A 
927 # # |a BB 
980 # # |a Thư viện Trường Đại học Đà Lạt